000 004550000a22001210004500
090 _aAS
_bSeriadas
245 1 0 _aNueva Eupatorieae (<Asteraceae>) del género Condylopodium R.M. king 'cia' H. Robinson
041 0 _aEspañol
700 1 _aMéndez Ramírez, Gina Paola
_999106
100 1 _aDíaz Piedrahita, Santiago
_995842
942 _cARTICULO
773 1 _tRevista de la Academia Colombiana de Ciencias Exactas, Fisicas y Naturales
_332
_h94
_q17-19
_d2001
_g25
999 _c14101
_d14101